000 00689nam a2200277Ia 4500
005 20260324132121.0
008 008 260324s9999 xx 000 0 eng d
020 _a9781410613035
037 _aEBOOK
040 _aCRL
040 _beng
040 _cCRL
041 _2eng
041 _aeng
084 _qCRL
100 _aHerre van Oostendorp; Andrew Dillon; Leen Breure
_91188086
245 0 _aCreation, Use, and Deployment of Digital Information
260 _bTaylor and Francis
260 _c2005
365 _a
365 _b230
856 _uhttp://www.taylorfrancis.com/books/9781410613035
942 _cEBOOK
999 _c1785868
_d1785868